Fateh Makkah / (Record no. 188006)
[ view plain ]
| 000 -LEADER | |
|---|---|
| fixed length control field | 00419 a2200157 4500 |
| 003 - CONTROL NUMBER IDENTIFIER | |
| control field | Nust |
| 005 - DATE AND TIME OF LATEST TRANSACTION | |
| control field | 20230308115831.0 |
| 040 ## - CATALOGING SOURCE | |
| Transcribing agency | Nust |
| 082 ## - DEWEY DECIMAL CLASSIFICATION NUMBER | |
| Classification number | 297.55,MUH |
| 100 ## - MAIN ENTRY--PERSONAL NAME | |
| Personal name | Puri, Akhtar Fathe |
| 9 (RLIN) | 109992 |
| 245 ## - TITLE STATEMENT | |
| Title | Fateh Makkah / |
| Statement of responsibility, etc. | Muhammad Ahmed Bashail, Translated by Akhter Fethe Puri |
| 260 ## - PUBLICATION, DISTRIBUTION, ETC. | |
| Place of publication, distribution, etc. | Lahore |
| Name of publisher, distributor, etc. | Nafees Academy |
| 300 ## - PHYSICAL DESCRIPTION | |
| Extent | 356: p |
| 650 ## - SUBJECT ADDED ENTRY--TOPICAL TERM | |
| Topical term or geographic name entry element | War of Islam |
| 9 (RLIN) | 109993 |
| 942 ## - ADDED ENTRY ELEMENTS (KOHA) | |
| Source of classification or shelving scheme | |
| Koha item type | Book |
| Call number prefix | 297.55,MUH |
| Withdrawn status | Lost status | Source of classification or shelving scheme | Damaged status | Not for loan | Permanent Location | Current Location | Shelving location | Date acquired | Full call number | Barcode | Date last seen | Price effective from | Koha item type | Public note |
|---|---|---|---|---|---|---|---|---|---|---|---|---|---|---|
| Military College of Signals (MCS) | Military College of Signals (MCS) | General Stacks | 12/12/2016 | 297.55,MUH | MCS23060 | 12/08/2016 | 12/12/2016 | Book | Almirha No 64, Shelf No 3 |
